[Event "Montcalm 1 2022-23"]
[Site "Quebec CAN"]
[Date "2022.10.06"]
[Round "5"]
[White "Marquis, Paul"]
[Black "Boudreau, Daniel"]
[Result "0-1"]
[WhiteElo "1978"]
[BlackElo "1922"]
[PlyCount "70"]
[EventDate "2022.09.08"]
[EventType "swiss"]
[EventRounds "5"]
[EventCountry "CAN"]

1. e4 c5 2. Nc3 Nc6 3. g3 g6 4. Bg2 Bg7 5. d3 d6 6. f4 Nf6 7. Nge2 O-O 8. O-O
Rb8 9. h3 Nd7 10. Be3 b5 11. Qd2 b4 12. Nd1 a5 13. c3 Ba6 14. e5 Qb6 15. exd6
exd6 16. Rc1 Rfe8 17. f5 Nce5 18. c4 Bb7 19. Nf4 Bxg2 20. Qxg2 Qb7 21. Qe2 Nc6
22. Nd5 Nd4 23. Qf2 Ne5 24. fxg6 fxg6 25. Bxd4 cxd4 26. Nf6+ Bxf6 27. Qxf6 Rf8
28. Qe6+ Kg7 29. Rxf8 Rxf8 30. Qd5 Nf3+ 31. Kg2 Qe7 32. Nf2 Qe3 33. Rf1 Ne1+
34. Kg1 Qxg3+ 35. Kh1 Nf3 0-1

[Event "Montcalm 1 2022-23"]
[Site "Quebec CAN"]
[Date "2022.10.06"]
[Round "5"]
[White "Mercure, Gilbert"]
[Black "Drolet, Stephane"]
[Result "0-1"]
[WhiteElo "1907"]
[BlackElo "2159"]
[PlyCount "66"]
[EventDate "2022.09.08"]
[EventType "swiss"]
[EventRounds "5"]
[EventCountry "CAN"]

1. e4 c6 2. d4 d5 3. f3 e6 4. Nc3 Bb4 5. Bd2 Bxc3 6. bxc3 dxe4 7. Qe2 exf3 8.
Nxf3 Nf6 9. Bg5 Qa5 10. Bd2 Qa4 11. Qe3 Nbd7 12. Bd3 b6 13. O-O Ba6 14. Bxa6
Qxa6 15. Ne5 Rc8 16. Qf3 Qb7 17. Qg3 O-O 18. Nxd7 Nxd7 19. Bh6 g6 20. Bxf8 Nxf8
21. h4 h5 22. Rf6 Nh7 23. Rf4 Kg7 24. Raf1 f5 25. Re1 Qd7 26. Rf3 Nf6 27. Qe5
Kf7 28. Rfe3 Re8 29. Qf4 Ng4 30. Rf3 Qd8 31. g3 Qd5 32. Re2 e5 33. dxe5 Qd1+
0-1

[Event "Montcalm 1 2022-23"]
[Site "Quebec CAN"]
[Date "2022.10.06"]
[Round "5"]
[White "Sarra-Bournet, Marc"]
[Black "Laflamme, Simon"]
[Result "1/2-1/2"]
[WhiteElo "1781"]
[BlackElo "2078"]
[PlyCount "78"]
[EventDate "2022.09.08"]
[EventType "swiss"]
[EventRounds "5"]
[EventCountry "CAN"]

1. e4 e5 2. Nf3 Nc6 3. Bb5 a6 4. Ba4 Nf6 5. O-O Be7 6. Re1 b5 7. Bb3 O-O 8. c3
d5 9. exd5 Nxd5 10. Nxe5 Nxe5 11. Rxe5 c6 12. d4 Bd6 13. Re1 Qh4 14. g3 Qh3 15.
Qf3 Bg4 16. Qg2 Qh5 17. Bd2 Rae8 18. Na3 Bf3 19. Qf1 Nf6 20. Bd1 Ne4 21. Bxf3
Qxf3 22. Re3 Qh5 23. Qe2 Nxg3 24. Qxh5 Nxh5 25. Rae1 Rxe3 26. fxe3 Bxa3 27.
bxa3 f5 28. Rc1 Nf6 29. c4 Ne4 30. Be1 Rf6 31. cxb5 cxb5 32. Rc8+ Kf7 33. Bb4
Ke6 34. Kf1 Kd5 35. Rc7 Rg6 36. Bf8 Nd2+ 37. Kf2 Ne4+ 38. Kf1 Nd2+ 39. Kf2 Ne4+
1/2-1/2

[Event "Montcalm 1 2022-23"]
[Site "Quebec CAN"]
[Date "2022.10.06"]
[Round "5"]
[White "Sauve, Richard"]
[Black "Perreault, Jacquelin"]
[Result "1-0"]
[WhiteElo "1910"]
[BlackElo "1722"]
[PlyCount "135"]
[EventDate "2022.09.08"]
[EventType "swiss"]
[EventRounds "5"]
[EventCountry "CAN"]

1. d4 Nf6 2. c4 e6 3. Nc3 Bb4 4. Qc2 O-O 5. Nf3 b6 6. a3 Bxc3+ 7. Qxc3 d6 8. e3
Nbd7 9. Be2 Ba6 10. b4 c5 11. dxc5 dxc5 12. b5 Bb7 13. Bb2 Qc7 14. O-O Rfe8 15.
Rfd1 Rad8 16. a4 e5 17. h3 Ne4 18. Qc2 f5 19. Nd2 Ndf6 20. Nf1 g6 21. f3 Ng5
22. Rd2 Nf7 23. Rad1 Rd7 24. Rxd7 Nxd7 25. Qc3 Rd8 26. Kf2 Nf8 27. Rxd8 Qxd8
28. Kg1 Ne6 29. Qd2 Qxd2 30. Nxd2 Kf8 31. a5 Ke7 32. a6 Bc8 33. Kf2 Kd6 34. Nb1
f4 35. Nc3 fxe3+ 36. Kxe3 Nf4 37. Bf1 Be6 38. Ne4+ Ke7 39. Nxc5 Nxg2+ 40. Bxg2
Bxc4 41. Nd3 Bxb5 42. Nxe5 Nd8 43. f4 Bxa6 44. Nc6+ Nxc6 45. Bxc6 Bf1 46. h4
Kd6 47. Be8 a5 48. Kd4 b5 49. Bf7 Bh3 50. Bc1 b4 51. Kc4 Ke7 52. Bg8 Kf6 53.
Kb5 h5 54. Kxa5 Kf5 55. Bf7 Kg4 56. Bxg6 Kxh4 57. Kxb4 Kg4 58. f5 Bg2 59. f6
Bd5 60. Bd3 Bf7 61. Bc4 Bg6 62. Kc3 Kg3 63. Kd4 h4 64. Ke3 h3 65. Ke2 Be4 66.
f7 h2 67. f8=Q h1=Q 68. Qf4+ 1-0

[Event "Montcalm 1 2022-23"]
[Site "Quebec CAN"]
[Date "2022.10.06"]
[Round "5"]
[White "Simmons, Eric Andrew"]
[Black "Dumont, Eric"]
[Result "1/2-1/2"]
[WhiteElo "1777"]
[BlackElo "1786"]
[PlyCount "71"]
[EventDate "2022.09.08"]
[EventType "swiss"]
[EventRounds "5"]
[EventCountry "CAN"]

1. Nf3 d5 2. d4 Nf6 3. Bg5 e6 4. Nbd2 Be7 5. c4 c6 6. Qc2 Nbd7 7. e4 dxe4 8.
Nxe4 Nxe4 9. Bxe7 Qa5+ 10. b4 Qf5 11. Bd3 Kxe7 12. Bxe4 Qh5 13. O-O Nf6 14.
Rfe1 Rd8 15. Rad1 Kf8 16. Ne5 Nxe4 17. Qxe4 f6 18. Nd3 e5 19. dxe5 Bf5 20. Qe3
Re8 21. Qc5+ Kg8 22. exf6 gxf6 23. f3 Rad8 24. Rxe8+ Rxe8 25. Qd4 Qg5 26. Nf2
Kf7 27. Qxa7 Re7 28. Qd4 Rd7 29. Qa1 Rd2 30. Rxd2 Qxd2 31. a3 Qe3 32. Kf1 Bd3+
33. Nxd3 Qxd3+ 34. Kf2 Qxc4 35. Qb2 Qh4+ 36. Kf1 1/2-1/2

[Event "Montcalm 1 2022-23"]
[Site "Quebec CAN"]
[Date "2022.10.06"]
[Round "5"]
[White "Sirois, Eric"]
[Black "Lapierre, Gaetan"]
[Result "1-0"]
[WhiteElo "1784"]
[BlackElo "1825"]
[PlyCount "77"]
[EventDate "2022.09.08"]
[EventType "swiss"]
[EventRounds "5"]
[EventCountry "CAN"]

1. e4 d6 2. d4 g6 3. Nf3 Bg7 4. Be3 Nf6 5. Bd3 c6 6. h3 Qc7 7. Nc3 a6 8. Qd2 e5
9. dxe5 dxe5 10. O-O O-O 11. a4 Nbd7 12. a5 b6 13. axb6 Nxb6 14. Na4 Nxa4 15.
Rxa4 Rd8 16. Qe2 Nh5 17. Rfa1 Nf4 18. Bxf4 exf4 19. c3 h6 20. Bxa6 Bd7 21. Bc4
Rxa4 22. Rxa4 g5 23. Ne1 Re8 24. f3 Bf6 25. Qf2 h5 26. Ra7 Qd6 27. Nd3 Re7 28.
Qc5 Qb8 29. Qa3 Kg7 30. Kf1 Qb6 31. Qc5 Qd8 32. e5 Bxe5 33. Nxe5 Bxh3 34. Rxe7
Qd1+ 35. Kf2 Qd2+ 36. Be2 Qe3+ 37. Qxe3 fxe3+ 38. Kxe3 Bxg2 39. Rxf7+ 1-0

[Event "Montcalm 2 2022-23"]
[Site "Quebec CAN"]
[Date "2022.10.13"]
[Round "1"]
[White "Auger, Bertrand"]
[Black "Perreault, Jacquelin"]
[Result "1-0"]
[WhiteElo "1955"]
[BlackElo "1733"]
[PlyCount "57"]
[EventDate "2022.10.13"]
[EventType "swiss"]
[EventRounds "5"]
[EventCountry "CAN"]

1. Nf3 Nf6 2. g3 b6 3. Bg2 Bb7 4. O-O e6 5. c4 c5 6. Nc3 Be7 7. d4 cxd4 8. Qxd4
O-O 9. b3 d6 10. Ba3 d5 11. Bxe7 Qxe7 12. Ne5 Rd8 13. Rad1 Nc6 14. Nxc6 Bxc6
15. Qh4 Qc7 16. cxd5 Nxd5 17. Rc1 Qb7 18. Ne4 Rac8 19. Bf3 Qe7 20. Qh5 Be8 21.
Qe5 f6 22. Qb2 f5 23. Nd2 Qf6 24. Qxf6 Nxf6 25. Nc4 Bh5 26. Bxh5 Nxh5 27. Ne5
Nf6 28. Nc6 Re8 29. Ne7+ 1-0

[Event "Montcalm 2 2022-23"]
[Site "Quebec CAN"]
[Date "2022.10.13"]
[Round "1"]
[White "Berube, Antoine"]
[Black "Gingras, Philippe"]
[Result "0-1"]
[WhiteElo "2158"]
[BlackElo "1927"]
[PlyCount "126"]
[EventDate "2022.10.13"]
[EventType "swiss"]
[EventRounds "5"]
[EventCountry "CAN"]

1. d4 Nf6 2. c4 e6 3. Nc3 Bb4 4. Nf3 b6 5. Bg5 h6 6. Bh4 g5 7. Bg3 Ne4 8. Qc2
Bb7 9. Be5 Rg8 10. e3 Bxc3+ 11. bxc3 d6 12. Bd3 f5 13. Bg3 h5 14. d5 exd5 15.
cxd5 h4 16. Bxe4 fxe4 17. Qxe4+ Qe7 18. Qxe7+ Kxe7 19. Nxh4 gxh4 20. Bxh4+ Kf7
21. Rd1 Nd7 22. Rd4 Ne5 23. Bg3 Rae8 24. f3 a5 25. Kf2 Rg6 26. e4 Reg8 27. Rg1
Ba6 28. Rgd1 Ke8 29. R1d2 Kd7 30. f4 Ng4+ 31. Kg1 Ne3 32. Rf2 Ng4 33. Rb2 Ne3
34. Rb1 R6g7 35. Rd2 Re7 36. e5 dxe5 37. fxe5 Nf5 38. e6+ Kc8 39. Be5 Bc4 40.
h3 Ne3 41. Bf6 Ree8 42. d6 cxd6 43. Rxb6 Rxe6 44. Bd4 Kc7 45. Bxe3 Rxe3 46.
Rbxd6 Rxc3 47. Rf6 a4 48. Kh2 a3 49. Rff2 Kc6 50. Rd4 Rg5 51. g4 Kc5 52. Rdf4
Bd5 53. h4 Re5 54. h5 Re1 55. Rf1 Rc2+ 56. R4f2 Ree2 57. Rxe2 Rxe2+ 58. Kg3
Rxa2 59. g5 Kd6 60. g6 Ke5 61. Rf7 Rg2+ 62. Kh3 Bxf7 63. gxf7 Rf2 0-1

[Event "Montcalm 2 2022-23"]
[Site "Quebec CAN"]
[Date "2022.10.13"]
[Round "1"]
[White "Drolet, Stephane"]
[Black "Mercure, Gilbert"]
[Result "0-1"]
[WhiteElo "2156"]
[BlackElo "1926"]
[PlyCount "64"]
[EventDate "2022.10.13"]
[EventType "swiss"]
[EventRounds "5"]
[EventCountry "CAN"]

1. c4 Nc6 2. Nc3 e5 3. Nf3 Bb4 4. Nd5 Bc5 5. d3 Nge7 6. a3 a6 7. b4 Bd4 8. Rb1
Nxd5 9. cxd5 Bc3+ 10. Bd2 Bxd2+ 11. Qxd2 Ne7 12. e4 d6 13. d4 f6 14. g3 Bg4 15.
Bg2 Qd7 16. h3 Bh5 17. Qc3 Rc8 18. dxe5 fxe5 19. Ng5 O-O 20. Qb3 Qb5 21. Rb2 a5
22. Bf1 Qb6 23. b5 h6 24. Ne6 Rf3 25. Qa2 a4 26. Rb4 Re3+ 27. fxe3 Qxe3+ 28.
Be2 Qc1+ 29. Kf2 Qxh1 30. g4 Bf7 31. Bf3 Qh2+ 32. Bg2 Ng6 0-1

[Event "Montcalm 2 2022-23"]
[Site "Quebec CAN"]
[Date "2022.10.13"]
[Round "1"]
[White "Laflamme, Simon"]
[Black "Marquis, Paul"]
[Result "0-1"]
[WhiteElo "2017"]
[BlackElo "1984"]
[PlyCount "52"]
[EventDate "2022.10.13"]
[EventType "swiss"]
[EventRounds "5"]
[EventCountry "CAN"]

1. d4 Nf6 2. c4 g6 3. Nc3 Bg7 4. e4 d6 5. Nf3 O-O 6. Be2 e5 7. d5 a5 8. Nd2 Na6
9. g4 Ne8 10. h4 f5 11. gxf5 gxf5 12. exf5 Bxf5 13. Nde4 Nf6 14. Bg5 Qd7 15.
Ng3 Nc5 16. Rg1 Kh8 17. Bxf6 Rxf6 18. Nh5 Rg6 19. Rxg6 hxg6 20. Ng3 Rf8 21. h5
Qf7 22. Qd2 Kh7 23. hxg6+ Bxg6 24. O-O-O Qxf2 25. Rh1+ Kg8 26. Nf1 Qg2 0-1

[Event "Montcalm 2 2022-23"]
[Site "Quebec CAN"]
[Date "2022.10.13"]
[Round "1"]
[White "Michaud, Jacques"]
[Black "Fecteau, Martin"]
[Result "1/2-1/2"]
[WhiteElo "1513"]
[BlackElo "1912"]
[PlyCount "99"]
[EventDate "2022.10.13"]
[EventType "swiss"]
[EventRounds "5"]
[EventCountry "CAN"]

1. g3 d5 2. Nf3 c5 3. Bg2 Nc6 4. d4 e6 5. O-O Nf6 6. Bg5 h6 7. Bf4 Qb6 8. dxc5
Qxb2 9. Nbd2 Qa3 10. Nb3 Bxc5 11. Bc1 Qb4 12. a3 Qb6 13. Nxc5 Qxc5 14. Bb2 Qb6
15. Bxf6 gxf6 16. Rb1 Qc5 17. Qd3 b6 18. Rfc1 Na5 19. Nd2 Qe7 20. c4 Ba6 21.
Qf3 Rd8 22. cxd5 Rxd5 23. Ne4 Rf5 24. Qc3 O-O 25. g4 Re5 26. f4 Rxe4 27. Bxe4
Bxe2 28. Bf3 Ba6 29. Qd2 Qxa3 30. Kg2 Bc4 31. Rc3 Qe7 32. Rd1 b5 33. Qd7 Qb4
34. Re3 Qc5 35. Ree1 Nb3 36. Qd6 a5 37. Qxc5 Nxc5 38. Be2 Bd5+ 39. Bf3 Bb3 40.
Rd6 Bc4 41. Be2 Bxe2 42. Rxe2 Rb8 43. Rc6 Nb3 44. Rec2 Kg7 45. Rc7 e5 46. fxe5
fxe5 47. Rf2 Rf8 48. Re2 Re8 49. Rf2 Rf8 50. Re2 1/2-1/2

[Event "Montcalm 2 2022-23"]
[Site "Quebec CAN"]
[Date "2022.10.13"]
[Round "1"]
[White "Poliquin, Yvon"]
[Black "Oliver, Vance"]
[Result "1-0"]
[WhiteElo "1915"]
[BlackElo "1615"]
[PlyCount "73"]
[EventDate "2022.10.13"]
[EventType "swiss"]
[EventRounds "5"]
[EventCountry "CAN"]

1. d4 Nf6 2. c4 g6 3. Nc3 Bg7 4. e4 d6 5. Nf3 O-O 6. Be2 e5 7. O-O Nc6 8. d5
Ne7 9. Bg5 h6 10. Bxf6 Bxf6 11. Ne1 Bg7 12. Nd3 f5 13. f3 f4 14. b4 g5 15. c5
Ng6 16. Rc1 Rf7 17. Kh1 Bf8 18. Qb3 h5 19. Rc2 g4 20. cxd6 cxd6 21. Nb5 g3 22.
Rxc8 Rxc8 23. Nxa7 Rcc7 24. h3 Kh7 25. b5 Rg7 26. a4 Nh8 27. b6 Rcd7 28. Rc1
Qh4 29. Bf1 Nf7 30. Rc7 Ng5 31. Rxd7 Rxd7 32. Qc2 Rf7 33. Nb5 Nxe4 34. Ne1 Kh6
35. Qxe4 Qd8 36. Bd3 Rg7 37. Nc7 1-0

[Event "Montcalm 2 2022-23"]
[Site "Quebec CAN"]
[Date "2022.10.13"]
[Round "1"]
[White "Roux, Michel"]
[Black "Cournoyer, Dominic"]
[Result "0-1"]
[WhiteElo "1689"]
[BlackElo "1933"]
[PlyCount "44"]
[EventDate "2022.10.13"]
[EventType "swiss"]
[EventRounds "5"]
[EventCountry "CAN"]

1. d4 Nf6 2. Bf4 d5 3. e3 Bf5 4. c4 e6 5. cxd5 Nxd5 6. Bg3 Bxb1 7. Qxb1 Bb4+ 8.
Kd1 Nd7 9. Bd3 c5 10. Ne2 cxd4 11. exd4 Rc8 12. a3 Ba5 13. Nc1 Qg5 14. Nb3 Bb6
15. Re1 Rc3 16. f4 Qf6 17. Nd2 Qxd4 18. Be4 N7f6 19. Bf3 O-O 20. f5 Rd8 21. Be5
Ne3+ 22. Rxe3 Qxd2# 0-1

[Event "Montcalm 2 2022-23"]
[Site "Quebec CAN"]
[Date "2022.10.13"]
[Round "1"]
[White "Sarra-Bournet, Marc"]
[Black "Gaulin, Gaetan"]
[Result "0-1"]
[WhiteElo "1767"]
[BlackElo "1985"]
[PlyCount "118"]
[EventDate "2022.10.13"]
[EventType "swiss"]
[EventRounds "5"]
[EventCountry "CAN"]

1. e4 c5 2. Nc3 Nc6 3. Bb5 Nf6 4. Bxc6 dxc6 5. d3 e5 6. Bg5 Be7 7. h3 Be6 8.
Nf3 h6 9. Be3 Nd7 10. O-O O-O 11. Qe2 Qc7 12. Nxe5 Nxe5 13. f4 Nd7 14. f5 Bf6
15. fxe6 fxe6 16. Qg4 Rae8 17. Bxh6 Bd4+ 18. Kh1 Nf6 19. Qg6 Qf7 20. Qxf7+ Rxf7
21. Bd2 Ref8 22. g4 b6 23. Kg2 Nd7 24. Rxf7 Rxf7 25. Rf1 b5 26. Nd1 Nb6 27. c3
Be5 28. Be3 Bd6 29. b3 Nd7 30. d4 a6 31. e5 Bc7 32. Nf2 Bb6 33. Nd3 cxd4 34.
cxd4 Rxf1 35. Kxf1 a5 36. Ke2 Kf7 37. Kf3 Bc7 38. Ke4 Bb6 39. h4 Bd8 40. h5 Be7
41. g5 Kg8 42. g6 Bd8 43. Nf4 Nf8 44. Nh3 Be7 45. Bd2 a4 46. bxa4 bxa4 47. Ng5
Bxg5 48. Bxg5 Nd7 49. Be7 Nb6 50. Bc5 Nd5 51. Kf3 Nc3 52. a3 Nd5 53. Kg4 Ne3+
54. Kg5 Nd5 55. h6 gxh6+ 56. Kxh6 Ne3 57. Kg5 Nd5 58. Kh6 Ne3 59. Be7 Nf5+ 0-1

[Event "Montcalm 2 2022-23"]
[Site "Quebec CAN"]
[Date "2022.10.20"]
[Round "2"]
[White "Berube, Antoine"]
[Black "Drolet, Stephane"]
[Result "1/2-1/2"]
[WhiteElo "2158"]
[BlackElo "2156"]
[PlyCount "111"]
[EventDate "2022.10.13"]
[EventType "swiss"]
[EventRounds "5"]
[EventCountry "CAN"]

1. d4 d5 2. c4 c6 3. Nc3 Nf6 4. e3 e6 5. Nf3 Nbd7 6. Bd3 dxc4 7. Bxc4 b5 8. Bd3
Bb7 9. O-O a6 10. e4 c5 11. d5 c4 12. Bc2 Qc7 13. dxe6 fxe6 14. Ne2 e5 15. Ng3
g6 16. Qe2 Nc5 17. b3 cxb3 18. axb3 Ne6 19. Bb2 Nf4 20. Qd1 Bd6 21. Rc1 Qe7 22.
Ne2 Nxe2+ 23. Qxe2 Nh5 24. g3 Bc8 25. Ne1 Bh3 26. Ng2 Qg5 27. f3 O-O 28. Kh1
Rac8 29. Bd3 Ng7 30. Rxc8 Rxc8 31. Ra1 Bxg2+ 32. Kxg2 Rc6 33. h4 Qe7 34. Rc1
Rxc1 35. Bxc1 Ne6 36. Qc2 Qc7 37. Qxc7 Bxc7 38. Be3 Bd6 39. Bc2 Bc5 40. Bd2 Nd4
41. Bd1 Nc6 42. f4 Kf7 43. f5 Bb4 44. Be3 Bc3 45. g4 a5 46. g5 Nd4 47. h5 gxf5
48. Bxd4 exd4 49. exf5 Bd2 50. g6+ hxg6 51. fxg6+ Kf6 52. Kf3 a4 53. bxa4 bxa4
54. Bxa4 Bh6 55. Ke4 Be3 56. Bd1 1/2-1/2

[Event "Montcalm 2 2022-23"]
[Site "Quebec CAN"]
[Date "2022.10.20"]
[Round "2"]
[White "Cournoyer, Dominic"]
[Black "Dumont, Eric"]
[Result "1-0"]
[WhiteElo "1933"]
[BlackElo "1789"]
[PlyCount "31"]
[EventDate "2022.10.13"]
[EventType "swiss"]
[EventRounds "5"]
[EventCountry "CAN"]

1. c4 c5 2. Nf3 Nf6 3. Nc3 g6 4. g3 Bg7 5. Bg2 Nc6 6. d4 cxd4 7. Nxd4 O-O 8.
O-O e5 9. Ndb5 a6 10. Nd6 Qc7 11. b3 Nd4 12. Ba3 Qa5 13. Bb2 Qb4 14. Nde4 d6
15. Nxf6+ Bxf6 16. Nd5 1-0

[Event "Montcalm 2 2022-23"]
[Site "Quebec CAN"]
[Date "2022.10.20"]
[Round "2"]
[White "Gaulin, Gaetan"]
[Black "Sauve, Richard"]
[Result "1/2-1/2"]
[WhiteElo "1985"]
[BlackElo "1909"]
[PlyCount "86"]
[EventDate "2022.10.13"]
[EventType "swiss"]
[EventRounds "5"]
[EventCountry "CAN"]

1. c4 e6 2. g3 d5 3. Bg2 Nf6 4. Nf3 c5 5. O-O Nc6 6. cxd5 Nxd5 7. d4 Nf6 8. Ne5
Nxe5 9. dxe5 Qxd1 10. Rxd1 Nd7 11. f4 Rb8 12. Nc3 a6 13. a4 Be7 14. Ne4 O-O 15.
Be3 Rd8 16. Nxc5 b6 17. Nb3 Bb7 18. Bxb7 Rxb7 19. Rac1 Kf8 20. Rc2 Ke8 21. Kf2
Nb8 22. Rxd8+ Kxd8 23. Kf3 Nd7 24. Bd4 Rc7 25. Rxc7 Kxc7 26. Bf2 g6 27. Ke4 h5
28. h3 Kc6 29. Nd4+ Kc7 30. Nb3 Kc6 31. Kd3 Nc5+ 32. Nxc5 Bxc5 33. Bd4 Bb4 34.
g4 hxg4 35. hxg4 Be1 36. e4 b5 37. b3 bxa4 38. bxa4 Ba5 39. Kc4 Bd2 40. f5 Ba5
41. Be3 Be1 42. Bd4 Ba5 43. Be3 Be1 1/2-1/2

[Event "Montcalm 2 2022-23"]
[Site "Quebec CAN"]
[Date "2022.10.20"]
[Round "2"]
[White "Gauthier-Andersen, Gabriel"]
[Black "Genest, Dominic"]
[Result "0-1"]
[WhiteElo "1236"]
[BlackElo "1754"]
[PlyCount "34"]
[EventDate "2022.10.13"]
[EventType "swiss"]
[EventRounds "5"]
[EventCountry "CAN"]

1. e4 e6 2. d4 d5 3. exd5 exd5 4. Nf3 Bd6 5. Be2 Nc6 6. O-O Nge7 7. Bd2 Bg4 8.
Be3 Qd7 9. Nbd2 O-O-O 10. c4 dxc4 11. Bxc4 Nf5 12. h3 h5 13. Ne4 Nfxd4 14.
Nxd6+ Qxd6 15. hxg4 hxg4 16. Bxd4 gxf3 17. g3 Qh6 0-1

[Event "Montcalm 2 2022-23"]
[Site "Quebec CAN"]
[Date "2022.10.20"]
[Round "2"]
[White "Gingras, Philippe"]
[Black "Marquis, Paul"]
[Result "1/2-1/2"]
[WhiteElo "1927"]
[BlackElo "1984"]
[PlyCount "109"]
[EventDate "2022.10.13"]
[EventType "swiss"]
[EventRounds "5"]
[EventCountry "CAN"]

1. d4 g6 2. e4 Bg7 3. Nc3 d6 4. Nf3 c6 5. Be3 b5 6. Bd3 b4 7. Ne2 Nf6 8. h3
Nbd7 9. Qd2 a5 10. O-O O-O 11. a3 bxa3 12. Rxa3 Qc7 13. Rfa1 c5 14. c3 c4 15.
Bb1 Bb7 16. Ng3 e5 17. d5 Nc5 18. Qe2 Nb3 19. R1a2 Ba6 20. Bc2 Nd7 21. Qd1 Bb5
22. Bxb3 cxb3 23. Ra1 a4 24. Nd2 Nb6 25. Bxb6 Qxb6 26. Nxb3 Rab8 27. Nc1 Bd7
28. Nd3 Rfc8 29. Qd2 Bb5 30. Nb4 Rc4 31. h4 Bf6 32. Qh6 Qd8 33. Re1 Bxh4 34.
Qe3 Bg5 35. Qf3 h5 36. Nf1 Qf6 37. Qxf6 Bxf6 38. Nd2 Rc5 39. Nf3 Bd8 40. g3 Ba5
41. Kg2 Bxb4 42. cxb4 Rc4 43. b3 Rxb4 44. bxa4 Bxa4 45. Rc3 Rb3 46. Rc7 R8b7
47. Rc8+ Kg7 48. Rd8 Rd7 49. Rc8 Rb4 50. Re3 Kf6 51. Nh4 Ke7 52. Nf3 Rbb7 53.
Ra3 Rb4 54. Re3 Rbb7 55. Ra3 1/2-1/2

[Event "Montcalm 2 2022-23"]
[Site "Quebec CAN"]
[Date "2022.10.20"]
[Round "2"]
[White "Lapierre, Gaetan"]
[Black "Auger, Bertrand"]
[Result "0-1"]
[WhiteElo "1802"]
[BlackElo "1955"]
[PlyCount "114"]
[EventDate "2022.10.13"]
[EventType "swiss"]
[EventRounds "5"]
[EventCountry "CAN"]

1. Nf3 f5 2. d4 g6 3. c4 Nf6 4. Nc3 Bg7 5. g3 O-O 6. Bg2 d6 7. d5 e5 8. dxe6
Bxe6 9. Ng5 Bc8 10. Bd5+ Kh8 11. Nf7+ Rxf7 12. Bxf7 c6 13. O-O Qe7 14. Bd5 cxd5
15. Nxd5 Nxd5 16. cxd5 Nd7 17. h4 Nf6 18. Bg5 h6 19. Bxf6 Bxf6 20. Qd2 g5 21.
hxg5 hxg5 22. Kg2 Bd7 23. Rac1 Be8 24. Rc2 Bf7 25. f3 Re8 26. Qd3 Qe5 27. Rd1
Kg7 28. Rcd2 a6 29. Rc1 Re7 30. Rc8 Bg6 31. Qb1 Qe3 32. Qh1 Kf7 33. Qd1 Kg7 34.
Qh1 Bh7 35. Qd1 Bg8 36. Kf1 Qe5 37. Kf2 Bf7 38. Rc3 Re8 39. e3 Bd8 40. Rb3 b5
41. Rc3 Ba5 42. f4 Qf6 43. Rc6 Bxd2 44. Qxd2 gxf4 45. exf4 a5 46. Rb6 b4 47.
Rb5 Re4 48. Rxa5 Rd4 49. Qc1 Qe7 50. a3 Bxd5 51. axb4 Qe4 52. Qc7+ Bf7 53. Qc3
Kg6 54. Rxf5 Kxf5 55. Qc8+ Kf6 56. Qd8+ Kg7 57. Qg5+ Bg6 0-1

[Event "Montcalm 2 2022-23"]
[Site "Quebec CAN"]
[Date "2022.10.20"]
[Round "2"]
[White "Mercure, Gilbert"]
[Black "Laflamme, Simon"]
[Result "0-1"]
[WhiteElo "1926"]
[BlackElo "2017"]
[PlyCount "114"]
[EventDate "2022.10.13"]
[EventType "swiss"]
[EventRounds "5"]
[EventCountry "CAN"]

1. e4 c5 2. d4 cxd4 3. c3 dxc3 4. Bc4 Nc6 5. Nf3 d6 6. Nxc3 a6 7. h3 Nf6 8. O-O
e6 9. Qe2 Be7 10. Rd1 Qc7 11. Bf4 b5 12. Bb3 Ne5 13. Bxe5 dxe5 14. Rac1 Qb8 15.
Qe3 O-O 16. Ne2 Bb7 17. Ng3 Rd8 18. Nd2 Qa7 19. Qe2 Rac8 20. Nf3 Rxd1+ 21. Rxd1
Qc5 22. Ne1 Rd8 23. Rxd8+ Bxd8 24. Kh2 Bb6 25. Nd3 Qd4 26. Qc2 Nxe4 27. Nxe4
Qxe4 28. f3 Qd4 29. Qe2 e4 30. fxe4 Bxe4 31. Ne1 Qg1+ 32. Kg3 Qe3+ 33. Qxe3
Bxe3 34. Bd1 Bd5 35. a4 Bd2 36. Nd3 Bc4 37. Ne5 Bc1 38. b3 Bd5 39. Nd3 Bd2 40.
Kf2 bxa4 41. bxa4 f6 42. Be2 Kf7 43. Bh5+ g6 44. Bf3 Bxf3 45. Kxf3 a5 46. g4
Ke7 47. Ke4 Kd6 48. h4 f5+ 49. gxf5 gxf5+ 50. Kd4 e5+ 51. Kc4 e4 52. Nb2 Ke5
53. Kb3 Kd4 54. Kc2 Bb4 55. Kd1 h5 56. Ke2 Be7 57. Nd1 f4 0-1

[Event "Montcalm 2 2022-23"]
[Site "Quebec CAN"]
[Date "2022.10.20"]
[Round "2"]
[White "Simmons, Eric Andrew"]
[Black "Poliquin, Yvon"]
[Result "0-1"]
[WhiteElo "1780"]
[BlackElo "1915"]
[PlyCount "67"]
[EventDate "2022.10.13"]
[EventType "swiss"]
[EventRounds "5"]
[EventCountry "CAN"]

1. Nf3 d5 2. d4 e6 3. c4 c5 4. cxd5 exd5 5. g3 Nf6 6. Bg2 Nc6 7. O-O Be7 8. Nc3
O-O 9. Bf4 a6 10. e3 c4 11. Ne5 Be6 12. Nxc6 bxc6 13. e4 dxe4 14. Nxe4 Nxe4 15.
Bxe4 Bd5 16. Re1 Bf6 17. Be5 Bxe5 18. dxe5 Rb8 19. Qc2 g6 20. Rad1 Qa5 21. a3
Rb3 22. Qd2 Qxd2 23. Rxd2 c3 24. bxc3 Rxc3 25. Bxd5 cxd5 26. Rxd5 Rxa3 27. Rd7
Re8 28. Ra7 Ra5 29. f4 Ra2 30. Rd1 Rc8 31. e6 fxe6 32. Re7 a5 33. Rf1 Rcc2 34.
Rd1 0-1

[Event "Montcalm 2 2022-23"]
[Site "Quebec CAN"]
[Date "2022.10.27"]
[Round "3"]
[White "Auger, Bertrand"]
[Black "Cournoyer, Dominic"]
[Result "1/2-1/2"]
[WhiteElo "1955"]
[BlackElo "1933"]
[PlyCount "82"]
[EventDate "2022.10.13"]
[EventType "swiss"]
[EventRounds "5"]
[EventCountry "CAN"]

1. Nf3 d5 2. g3 Nf6 3. Bg2 g6 4. b3 Bg7 5. Bb2 O-O 6. c4 c6 7. O-O Qb6 8. Na3
Bf5 9. d3 Nbd7 10. Qd2 Nh5 11. Bxg7 Nxg7 12. cxd5 cxd5 13. e4 Be6 14. Ng5 dxe4
15. dxe4 Ne5 16. Nxe6 Nxe6 17. Qd5 Qc5 18. Nb5 Rfd8 19. Qxc5 Nxc5 20. Rfd1 a6
21. Nc7 Rac8 22. Nd5 Kf8 23. f4 Ned7 24. Rac1 e6 25. Nc3 Nb8 26. e5 Nc6 27. Ne4
Nxe4 28. Bxe4 Rxd1+ 29. Rxd1 Ke7 30. Kf2 Rd8 31. Rxd8 Nxd8 32. Ke3 Kd7 33. Kd4
b6 34. Kc4 Kc7 35. b4 Nb7 36. a3 Nd8 37. g4 h6 38. h4 Nc6 39. a4 Na7 40. b5
axb5+ 41. axb5 Kd7 1/2-1/2

[Event "Montcalm 2 2022-23"]
[Site "Quebec CAN"]
[Date "2022.10.27"]
[Round "3"]
[White "Drolet, Stephane"]
[Black "Gingras, Philippe"]
[Result "1/2-1/2"]
[WhiteElo "2156"]
[BlackElo "1927"]
[PlyCount "85"]
[EventDate "2022.10.13"]
[EventType "swiss"]
[EventRounds "5"]
[EventCountry "CAN"]

1. Nf3 f5 2. c4 Nf6 3. Nc3 g6 4. g3 Bg7 5. Bg2 d6 6. d4 O-O 7. O-O c6 8. Qc2 a5
9. Rd1 Na6 10. a3 Qe8 11. e4 fxe4 12. Nxe4 Nxe4 13. Qxe4 Bf5 14. Qh4 Bf6 15.
Bg5 Qf7 16. Rac1 Nc7 17. Bxf6 exf6 18. Qf4 Qd7 19. Re1 Rfe8 20. Nh4 Ne6 21. Qd2
Ng7 22. Rxe8+ Qxe8 23. d5 c5 24. Re1 Qf8 25. Qc3 Bd7 26. Be4 f5 27. Bf3 b5 28.
Ng2 b4 29. Qd2 Re8 30. h4 Rxe1+ 31. Qxe1 Qe8 32. Qxe8+ Nxe8 33. Bd1 Kf7 34. f3
Kf6 35. Kf2 Ke5 36. Ke3 h6 37. axb4 axb4 38. Nf4 Kf6 39. Nd3 Ng7 40. f4 h5 41.
Ne1 Ne8 42. Nf3 Ke7 43. Ng5 1/2-1/2

[Event "Montcalm 2 2022-23"]
[Site "Quebec CAN"]
[Date "2022.10.27"]
[Round "3"]
[White "Genest, Dominic"]
[Black "Boudreau, Daniel"]
[Result "0-1"]
[WhiteElo "1754"]
[BlackElo "2009"]
[PlyCount "88"]
[EventDate "2022.10.13"]
[EventType "swiss"]
[EventRounds "5"]
[EventCountry "CAN"]

1. c4 Nf6 2. g3 e5 3. Bg2 Be7 4. Nc3 d6 5. e3 O-O 6. b4 c6 7. Nge2 Be6 8. d3 d5
9. cxd5 cxd5 10. a3 a5 11. bxa5 Qxa5 12. O-O Nc6 13. Bb2 Rfd8 14. d4 e4 15. Nf4
Bf5 16. Qb3 Ra6 17. Rfb1 Rb6 18. Qd1 Bg4 19. Qd2 g5 20. Nfe2 Qa7 21. Bc1 Rxb1
22. Rxb1 Na5 23. Qa2 Qa6 24. Bf1 Nc4 25. h3 Bd7 26. g4 b5 27. Ng3 Qa5 28. Nxd5
Nxd5 29. Bxc4 bxc4 30. Qxc4 Be6 31. Qf1 Nf6 32. Rb5 Qc3 33. Rxg5+ Kf8 34. Rb5
Bc4 35. Ne2 Bxe2 36. Qxe2 Qxc1+ 37. Kg2 Qxa3 38. g5 Ng8 39. Qh5 Qa6 40. Rf5 Qg6
41. Qg4 h5 42. Qxe4 Nh6 43. Rf4 Qxe4+ 44. Rxe4 Bxg5 0-1